5HLuxD.jpg

KING HENRY VIII SENIOR AND PRIMARY SCHOOL LIBRARY OPAC

Mental development : (Record no. 544)

000 -LEADER
fixed length control field 01608pam a2200397 i 4500
001 - CONTROL NUMBER
control field 019512027
003 - CONTROL NUMBER IDENTIFIER
control field UkOxU
005 - DATE AND TIME OF LATEST TRANSACTION
control field 20190821093511.0
008 - FIXED-LENGTH DATA ELEMENTS--GENERAL INFORMATION
fixed length control field 120418s2013 enka j b 001 0 eng d
015 ## - NATIONAL BIBLIOGRAPHY NUMBER
National bibliography number GBB272656
Source bnb
020 ## - INTERNATIONAL STANDARD BOOK NUMBER
International Standard Book Number 9781406250329
Qualifying information pbk.
035 ## - SYSTEM CONTROL NUMBER
System control number (Uk)016131259
035 ## - SYSTEM CONTROL NUMBER
System control number (StEdALDL)1/2848093
040 ## - CATALOGING SOURCE
Original cataloging agency StDuBDS
Language of cataloging eng
Description conventions rda
Transcribing agency StDuBDS
Modifying agency UkOxU
042 ## - AUTHENTICATION CODE
Authentication code ukscp
049 ## - LOCAL HOLDINGS (OCLC)
Holding library CROBAR
082 04 - DEWEY DECIMAL CLASSIFICATION NUMBER
Classification number 155 CLA
Edition number 23
100 1# - MAIN ENTRY--PERSONAL NAME
Personal name Claybourne, Anna,
Relator term author.
245 10 - TITLE STATEMENT
Title Mental development :
Remainder of title from birth to old age /
Statement of responsibility, etc. Anna Claybourne.
264 #1 - PRODUCTION, PUBLICATION, DISTRIBUTION, MANUFACTURE, AND COPYRIGHT NOTICE
Place of production, publication, distribution, manufacture London :
Name of producer, publisher, distributor, manufacturer Raintree,
Date of production, publication, distribution, manufacture, or copyright notice 2014.
300 ## - PHYSICAL DESCRIPTION
Extent 64 pages :
Other physical details illustrations (chiefly colour) ;
Dimensions 26 cm
336 ## - CONTENT TYPE
Content type term text
Source rdacontent
336 ## - CONTENT TYPE
Content type term still image
Source rdacontent
337 ## - MEDIA TYPE
Media type term unmediated
Source rdamedia
338 ## - CARRIER TYPE
Carrier type term volume
Source rdacarrier
490 1# - SERIES STATEMENT
Series statement Your body for life
500 ## - GENERAL NOTE
General note Consultant, Ann Fullick.
504 ## - BIBLIOGRAPHY, ETC. NOTE
Bibliography, etc. note Includes bibliographical references (page 62) and index.
520 ## - SUMMARY, ETC.
Summary, etc. This thought-provoking series looks at how our bodies change as we grow and get older, and how that affects the way we live and the things we need. This book explains how our brain is the body part that makes our mind work. Our brain and mind develop as we grow up, being affected by the things we experience from talking and playing, to learning and risky behaviour.
650 #0 - SUBJECT ADDED ENTRY--TOPICAL TERM
Topical term or geographic name entry element Developmental psychology
Form subdivision Juvenile literature.
650 #0 - SUBJECT ADDED ENTRY--TOPICAL TERM
Topical term or geographic name entry element Brain
Form subdivision Juvenile literature.
700 1# - ADDED ENTRY--PERSONAL NAME
Personal name Fullick, Ann,
Dates associated with a name 1956-
830 #0 - SERIES ADDED ENTRY--UNIFORM TITLE
Uniform title Your body for life (London, England)
942 ## - ADDED ENTRY ELEMENTS (KOHA)
Source of classification or shelving scheme
Koha item type Books - Non Ficton
Holdings
Withdrawn status Lost status Source of classification or shelving scheme Damaged status Not for loan Collection code Permanent Location Current Location Shelving location Date acquired Total Checkouts Full call number Barcode Date last seen Date last checked out Price effective from Koha item type
          Non-Fiction KH8 Senior School Library KH8 Senior School Library Non Fiction 2019-08-21 1 155 CLA 3KHSL000100207 2025-07-02 2025-04-17 2019-08-21 Books - Non Ficton

Powered By KH8 IT Dept